Tour de France 2018 stage winners - Statistics

General Stats
  • This quiz has been taken 134 times
  • The average score is 16 of 21
Answer Stats
Stage Type Country Winner % Correct
11 Mountain UK Geraint Thomas
97%
12 Mountain UK Geraint Thomas
97%
2 Flat Slovakia Peter Sagan
96%
5 Hilly Slovakia Peter Sagan
96%
13 Flat Slovakia Peter Sagan
96%
21 Flat Norway Alexander Kristoff
90%
19 Mountain Slovenia Primoz Roglic
89%
17 Mountain Colombia Nairo Quintana
85%
20 Time trial Netherlands Tom Dumoulin
83%
1 Flat Colombia Fernando Gaviria
80%
4 Flat Colombia Fernando Gaviria
80%
6 Hilly Ireland Daniel Martin
76%
7 Flat Netherlands Dylan Groenewegen
76%
8 Flat Netherlands Dylan Groenewegen
76%
18 Flat France Arnaud Demare
72%
10 Mountain France Julian Alaphilippe
72%
16 Mountain France Julian Alaphilippe
72%
3 Team time trial USA BMC
65%
15 Hilly Denmark Magnus Cort
46%
9 Hilly Germany John Degenkolb
40%
14 Hilly Spain Omar Fraile
25%
No matching quizzes found
Score Distribution
Percent of People with Each Score
Percentile by Number Answered
Your Score History
You have not taken this quiz